01313nam a2200373 a 450000100060000000300080000600500170001400600190003100700150005000800410006502000180010603500230012403500240014703500250017103500210019604000260021705000220024308000140026508200140027910000220029324501090031526000390042430000110046353301640047465000230063865000200066165000380068165000290071965500270074870000170077571000190079283000660081185600620087732320FlNmELB20241216220730.0m o d | cr cn|||||||||201211r2010 sp |||||s|||||||||||cat d z9788497889445 a(MiAaPQ)EBC3203546 a(Au-PeEL)EBL3203546 a(CaPaEBR)ebr10624166 a(OCoLC)929377973 aFlNmELBbspacFlNmELB 4aPC3814bA982 2010 a811.133.104a449.92221 aAymáa, Josep M.13aEl Cataláa, al carrerh[recurso electronico] /cJosep Maria Aymáa Aubeyzon ; práoleg d'Emili Boix. aBarcelona :bEditorial UOC,c2010. a172 p. aRecurso electrónico. Santa Fe, Arg.: e-libro, 2015. Disponible vía World Wide Web. El acceso puede estar limitado para las bibliotecas afiliadas a e-libro. 4aCatalán hablado. 4aCatalánxUso. 4aCatalan languagexSpoken Catalan. 4aCatalan languagexUsage. 4aLibros electrónicos.1 aBoix, Emili.2 ae-libro, Corp. 0aManuals (Universitat Oberta de Catalunya). Humanitats ;v168.40uhttps://elibro.net/ereader/politecnicointernacional/56248